Využitie lokálnych kvocientov pri tvorbe regionálnych i-o tabuliek a odhad regionálnych multiplikárotov

Na Slovensku i v Čechách sú analýzy ekonomických prínosov na regionálnej úrovni veľmi zriedkavé. Jedným z hlavných dôvodov je nedostupnosť regionálnych multiplikátorov. Poukázanie na možnosti odvodenia regionálnych multiplikátorov a ich využitie pri tvorbe regionálnej analýzy ekonomických prínosov....

Ausführliche Beschreibung

Gespeichert in:
Bibliographische Detailangaben
1. Verfasser: Džupka, Peter
Format: Buchkapitel
Sprache:Slowakisch
Schlagworte:
Tags: Tag hinzufügen
Keine Tags, Fügen Sie das erste Tag hinzu!

MARC

LEADER 00000nla a2200000 4500
001 0242796
005 20220204123105.3
041 0 |a slo 
044 |a CZ 
245 1 0 |a Využitie lokálnych kvocientov pri tvorbe regionálnych i-o tabuliek a odhad regionálnych multiplikárotov  |c Peter Džupka 
520 |a Na Slovensku i v Čechách sú analýzy ekonomických prínosov na regionálnej úrovni veľmi zriedkavé. Jedným z hlavných dôvodov je nedostupnosť regionálnych multiplikátorov. Poukázanie na možnosti odvodenia regionálnych multiplikátorov a ich využitie pri tvorbe regionálnej analýzy ekonomických prínosov. Najrozšírenejším prístupom pri odvádzaní regionálnych multiplikátorov je využitie Input-Output (I-O) modelu. 
610 2 0 |a analýza ekonomická 
610 2 0 |a input-output 
610 2 0 |a ekonomika regionálna 
610 2 0 |a modely ekonometrické 
610 2 0 |a regióny 
100 1 |a Džupka, Peter